[Event "Haringey Masters"]
[Site "Muswell Hill London"]
[Date "1988.??.??"]
[Round "?"]
[White "Jacobs, Byron A"]
[Black "Martin, Andrew D"]
[Result "1/2-1/2"]
[WhiteElo "2320"]
[BlackElo "2430"]
[PlyCount "34"]
[EventDate "1988.07.21"]
[EventType "schev"]
[EventRounds "9"]
[EventCountry "ENG"]
[SourceTitle "BritBase"]
[Source "John Saunders"]
[SourceDate "2020.09.07"]
[SourceVersion "1"]
[SourceVersionDate "2020.09.07"]
[SourceQuality "2"]

1. e4 e5 2. Nf3 Nc6 3. Bb5 a6 4. Ba4 Nf6 5. O-O Be7 6. Re1 b5 7. Bb3 d6 8. c3
O-O 9. d4 Bg4 10. Be3 exd4 11. cxd4 Na5 12. Bc2 Nc4 13. Bc1 c5 14. b3 Nb6 15.
Bb2 Rc8 16. Nbd2 Nfd7 17. h3 Bh5 1/2-1/2

[Event "Haringey Masters"]
[Site "Muswell Hill London"]
[Date "1988.??.??"]
[Round "?"]
[White "Jacobs, Byron A"]
[Black "Andruet, Gilles"]
[Result "1/2-1/2"]
[WhiteElo "2320"]
[BlackElo "2450"]
[PlyCount "109"]
[EventDate "1988.07.21"]
[EventType "schev"]
[EventRounds "9"]
[EventCountry "ENG"]
[SourceTitle "BritBase"]
[Source "John Saunders"]
[SourceDate "2020.09.07"]
[SourceVersion "1"]
[SourceVersionDate "2020.09.07"]
[SourceQuality "2"]

1. e4 d6 2. d4 Nf6 3. Bd3 e5 4. c3 d5 5. dxe5 dxe4 6. Bb5+ Bd7 7. Qe2 Bxb5 8.
Qxb5+ Nfd7 9. Be3 Nc6 10. Nd2 Ndxe5 11. Nxe4 Qd3 12. Qxd3 Nxd3+ 13. Ke2 Nxb2
14. Rb1 Ba3 15. Nf3 O-O-O 16. Nd4 Nxd4+ 17. cxd4 Rhe8 18. Kf3 Nc4 19. Rhd1 Rd5
20. Nc3 Rf5+ 21. Ke2 Bb2 22. Na4 Ba3 23. Nc3 Ra5 24. Rb5 Rxb5 25. Nxb5 c6 26.
Nxa3 Nxa3 27. d5 Nc4 28. dxc6 bxc6 29. Rc1 Nxe3 30. fxe3 Kc7 31. Rc4 Rb8 32.
Rf4 f6 33. Re4 Rb7 34. Kd3 a5 35. Kc3 Kd6 36. Rd4+ Kc5 37. Rc4+ Kb5 38. a4+ Kb6
39. Re4 Rd7 40. h3 Rd5 41. Re7 Rg5 42. g4 Re5 43. Rxe5 fxe5 44. h4 Kc5 45. e4
h6 46. h5 Kd6 47. Kc4 Kd7 48. Kc5 Kc7 49. Kc4 Kd6 50. Kd3 Ke7 51. Kc4 Kf6 52.
Kc5 Kg5 53. Kxc6 Kxg4 54. Kd6 Kxh5 55. Kxe5 1/2-1/2

[Event "Haringey Masters"]
[Site "Muswell Hill London"]
[Date "1988.??.??"]
[Round "?"]
[White "Jacobs, Byron A"]
[Black "Gallagher, Joseph G"]
[Result "1/2-1/2"]
[WhiteElo "2320"]
[BlackElo "2445"]
[PlyCount "80"]
[EventDate "1988.07.21"]
[EventType "schev"]
[EventRounds "9"]
[EventCountry "ENG"]
[SourceTitle "BritBase"]
[Source "John Saunders"]
[SourceDate "2020.09.07"]
[SourceVersion "1"]
[SourceVersionDate "2020.09.07"]
[SourceQuality "2"]

1. Nf3 Nf6 2. d4 g6 3. Bg5 Bg7 4. Nbd2 O-O 5. c3 c5 6. Bxf6 Bxf6 7. Ne4 Qb6 8.
Nxf6+ exf6 9. Qb3 d6 10. Qxb6 axb6 11. e3 Be6 12. a3 Nc6 13. O-O-O d5 14. g3
Bf5 15. Bg2 Na5 16. Nd2 Rfd8 17. b3 Rac8 18. Kb2 Kg7 19. Rhe1 Bd3 20. Nf1 c4
21. b4 Nc6 22. e4 dxe4 23. Bxe4 Bxe4 24. Rxe4 Ne5 25. Kc2 Nd3 26. Rxd3 cxd3+
27. Kxd3 Ra8 28. Re7 Rxa3 29. Nd2 b5 30. Rxb7 Rc8 31. Ne4 f5 32. Nc5 Ra2 33. d5
Rxf2 34. d6 Kf6 35. Rxb5 Rxh2 36. Rb6 Rd8 37. Nb7 Rd7 38. Nc5 Rd8 39. Nb7 Rd7
40. Nc5 Rd8 {Source: Andy Ansel, 21 October 2020. The game BritBase had
previously featured here as Jacobs-Gallagher was in fact a duplicate of
Davidovic-Winants from the same tournament. (Mega/Big Database 2020 shows
Jacobs-Gallagher as blank.)} 1/2-1/2

[Event "Haringey Masters"]
[Site "Muswell Hill London"]
[Date "1988.??.??"]
[Round "?"]
[White "Jonsson, Bjorgvin"]
[Black "Martin, Andrew D"]
[Result "0-1"]
[WhiteElo "2375"]
[BlackElo "2430"]
[PlyCount "88"]
[EventDate "1988.07.21"]
[EventType "schev"]
[EventRounds "9"]
[EventCountry "ENG"]
[SourceTitle "BritBase"]
[Source "John Saunders"]
[SourceDate "2020.09.07"]
[SourceVersion "1"]
[SourceVersionDate "2020.09.07"]
[SourceQuality "2"]

1. e4 e5 2. Nf3 Nc6 3. Bb5 Nf6 4. O-O Bc5 5. c3 O-O 6. d4 Bb6 7. Bg5 h6 8. Bh4
d6 9. d5 Nb8 10. Nbd2 c6 11. Bd3 Nbd7 12. c4 a5 13. Re1 Re8 14. Rc1 Nf8 15. Bb1
Ng6 16. Bg3 Rf8 17. dxc6 bxc6 18. c5 Bxc5 19. Nb3 Bb4 20. Nfd2 Be6 21. Rxc6 a4
22. Nc1 Bc5 23. Qe2 Qa5 24. Nd3 Bd7 25. Rxc5 dxc5 26. Nc4 Qa6 27. Nxc5 Qc6 28.
Nxd7 Nxd7 29. Ne3 Nb6 30. Nd5 Rfd8 31. Bxe5 Nxd5 32. exd5 Qxd5 33. Bxg6 fxg6
34. a3 Re8 35. f4 g5 36. Qg4 Rad8 37. h4 Qd7 38. f5 gxh4 39. Kh2 Re7 40. Qxh4
Rde8 41. Qc4+ Kh8 42. Qf4 Qd5 43. f6 Rxe5 44. f7 Rxe1 0-1

[Event "Haringey Masters"]
[Site "Muswell Hill London"]
[Date "1988.??.??"]
[Round "?"]
[White "Jonsson, Bjorgvin"]
[Black "Andruet, Gilles"]
[Result "1/2-1/2"]
[WhiteElo "2375"]
[BlackElo "2450"]
[PlyCount "97"]
[EventDate "1988.07.21"]
[EventType "schev"]
[EventRounds "9"]
[EventCountry "ENG"]
[SourceTitle "BritBase"]
[Source "John Saunders"]
[SourceDate "2020.09.07"]
[SourceVersion "1"]
[SourceVersionDate "2020.09.07"]
[SourceQuality "2"]

1. e4 c5 2. Nf3 e6 3. d4 cxd4 4. Nxd4 Nf6 5. Nc3 d6 6. g4 e5 7. Bb5+ Bd7 8.
Bxd7+ Qxd7 9. Nf5 h5 10. Bg5 Nh7 11. Bd2 hxg4 12. Qxg4 g6 13. Ne3 Bh6 14. O-O-O
Nc6 15. Qxd7+ Kxd7 16. Ncd5 Nd4 17. Kb1 Nf3 18. Bb4 Rac8 19. h4 Bf8 20. c3 Rc6
21. Kc2 Ke6 22. Kd3 f5 23. exf5+ gxf5 24. Ke2 e4 25. Nf4+ Kf6 26. Rd5 Ne5 27.
Rg1 Bh6 28. Nh5+ Ke6 29. Rgd1 Nd3 30. f4 Nxf4+ 31. Nxf4+ Bxf4 32. Nxf5 Nf6 33.
Rb5 Rb6 34. Nd4+ Kf7 35. Rxb6 axb6 36. Nf5 Ke6 37. Nd4+ Ke5 38. Nb5 Ke6 39.
Bxd6 Rxh4 40. Bxf4 Rxf4 41. Rd6+ Ke5 42. Rxb6 Ng4 43. Nd4 Rf2+ 44. Ke1 e3 45.
Rxb7 Ke4 46. Ne2 Kd3 47. Rd7+ Kc2 48. Nd4+ Kxb2 49. Re7 1/2-1/2

[Event "Haringey Masters"]
[Site "Muswell Hill London"]
[Date "1988.??.??"]
[Round "?"]
[White "Kouatly, Bachar"]
[Black "Jonsson, Bjorgvin"]
[Result "1-0"]
[WhiteElo "2440"]
[BlackElo "2375"]
[PlyCount "79"]
[EventDate "1988.07.21"]
[EventType "schev"]
[EventRounds "9"]
[EventCountry "ENG"]
[SourceTitle "BritBase"]
[Source "John Saunders"]
[SourceDate "2020.09.07"]
[SourceVersion "1"]
[SourceVersionDate "2020.09.07"]
[SourceQuality "2"]

1. d4 Nf6 2. c4 g6 3. Nc3 Bg7 4. e4 d6 5. f4 O-O 6. Nf3 c5 7. d5 e6 8. dxe6
Bxe6 9. Bd3 a6 10. f5 Bd7 11. O-O b5 12. Bg5 h6 13. Bxf6 Bxf6 14. e5 dxe5 15.
fxg6 fxg6 16. Bxg6 Be6 17. Nd5 bxc4 18. Nxf6+ Qxf6 19. Be4 Ra7 20. Qd6 Qe7 21.
Qb6 Re8 22. Rad1 Rd7 23. Nxe5 Rxd1 24. Rxd1 Qg5 25. Re1 c3 26. bxc3 Bxa2 27.
Nf3 Qh5 28. Re2 Bf7 29. g4 Qh3 30. Qf6 Re6 31. Qf5 Nc6 32. Rg2 Ne7 33. Qh7+ Kf8
34. Rg3 Bg8 35. Qh8 Qxg3+ 36. hxg3 Rxe4 37. Qxh6+ Ke8 38. Qxa6 Rxg4 39. Qa8+
Kf7 40. Ne5+ 1-0

[Event "Haringey Masters"]
[Site "Muswell Hill London"]
[Date "1988.??.??"]
[Round "?"]
[White "Martin, Andrew D"]
[Black "Murey, Jacob"]
[Result "1-0"]
[WhiteElo "2430"]
[BlackElo "2545"]
[PlyCount "115"]
[EventDate "1988.07.21"]
[EventType "schev"]
[EventRounds "9"]
[EventCountry "ENG"]
[SourceTitle "BritBase"]
[Source "John Saunders"]
[SourceDate "2020.09.07"]
[SourceVersion "1"]
[SourceVersionDate "2020.09.07"]
[SourceQuality "2"]

1. e4 e5 2. Nf3 Nc6 3. Bb5 a6 4. Ba4 Nf6 5. d4 exd4 6. O-O Be7 7. e5 Ne4 8.
Nxd4 Nxd4 9. Qxd4 Nc5 10. Nc3 O-O 11. Bg5 d6 12. Bxe7 Qxe7 13. exd6 Qxd6 14.
Qxd6 cxd6 15. Rad1 b5 16. Bb3 Nxb3 17. cxb3 Rd8 18. Rd4 Bb7 19. Rfd1 Kf8 20.
Rxd6 Rxd6 21. Rxd6 b4 22. Ne2 Re8 23. Rd2 Be4 24. f3 Bd3 25. Nd4 Bb1 26. a3
bxa3 27. bxa3 Re3 28. Kf2 Rc3 29. Rb2 Bg6 30. Ne2 Rd3 31. Nf4 Rd1 32. Ke2 Rh1
33. Nxg6+ hxg6 34. Kd3 Rxh2 35. Kc4 Rh5 36. Re2 Rf5 37. b4 g5 38. Re4 Rb5 39.
a4 Rb8 40. b5 axb5+ 41. axb5 Rc8+ 42. Kd5 Rd8+ 43. Kc6 f5 44. Re2 Rd1 45. b6
Rc1+ 46. Kd7 Rd1+ 47. Kc7 Rc1+ 48. Kb8 Kf7 49. b7 Kf6 50. Rb2 f4 51. Ka7 Rc7
52. Kb6 Rxb7+ 53. Kxb7 g4 54. Kc6 Kg5 55. Kd5 Kh4 56. fxg4 Kxg4 57. Ke4 g5 58.
Rb3 1-0

[Event "Haringey Masters"]
[Site "Muswell Hill London"]
[Date "1988.??.??"]
[Round "?"]
[White "Martin, Andrew D"]
[Black "Dutreeuw, Marc"]
[Result "0-1"]
[WhiteElo "2430"]
[BlackElo "2395"]
[PlyCount "136"]
[EventDate "1988.07.21"]
[EventType "schev"]
[EventRounds "9"]
[EventCountry "ENG"]
[SourceTitle "BritBase"]
[Source "John Saunders"]
[SourceDate "2020.09.07"]
[SourceVersion "1"]
[SourceVersionDate "2020.09.07"]
[SourceQuality "2"]

1. Nf3 d5 2. c4 e6 3. d4 Nf6 4. Nc3 Be7 5. Bf4 O-O 6. e3 c5 7. dxc5 Bxc5 8. Qc2
Nc6 9. Rd1 Bd7 10. a3 Rc8 11. cxd5 exd5 12. Be2 Qe7 13. O-O Be6 14. Rd2 Rfd8
15. Rfd1 h6 16. Ne5 Bd6 17. Nxc6 bxc6 18. Bxd6 Rxd6 19. Bf3 Rcd8 20. Ne2 Ne4
21. Bxe4 dxe4 22. Nd4 Qg5 23. Nxe6 Rxd2 24. Rxd2 Rxd2 25. Qxd2 fxe6 26. Kf1 Qd5
27. Ke1 Kf7 28. h4 g6 29. Qc3 h5 30. g3 e5 31. Qb4 Kf6 32. a4 Kf5 33. Qf8+ Kg4
34. Qf6 Kh3 35. Qxg6 Qd3 36. Qxh5 Kg2 37. Qd1 Qf1+ 38. Kd2 Qd3+ 39. Kc1 Qc4+
40. Kb1 Kxf2 41. h5 Qd3+ 42. Qc2+ Kxe3 43. h6 Qd7 44. Ka2 Kf3 45. Qh2 Qd5+ 46.
b3 e3 47. h7 e2 48. Qh5+ Kf2 49. Qf5+ Kg1 50. h8=Q e1=Q 51. Qc2 Qed2 52. Qhh7
Qxc2+ 53. Qxc2 e4 54. Qe2 Qd3 55. Qe1+ Kg2 56. Kb2 e3 57. g4 Kf3 58. Qh1+ Kxg4
59. Qxc6 e2 60. Qe6+ Kf4 61. Qh6+ Kg4 62. Qe6+ Kg3 63. Qe5+ Kg2 64. Qg5+ Qg3
65. Qd5+ Qf3 66. Qg5+ Kf1 67. Qb5 Qe4 68. Qa6 Kg2 0-1

[Event "Haringey Masters"]
[Site "Muswell Hill London"]
[Date "1988.??.??"]
[Round "?"]
[White "Martin, Andrew D"]
[Black "Abramovic, Bosko"]
[Result "1/2-1/2"]
[WhiteElo "2430"]
[BlackElo "2445"]
[PlyCount "21"]
[EventDate "1988.07.21"]
[EventType "schev"]
[EventRounds "9"]
[EventCountry "ENG"]
[SourceTitle "BritBase"]
[Source "John Saunders"]
[SourceDate "2020.09.07"]
[SourceVersion "1"]
[SourceVersionDate "2020.09.07"]
[SourceQuality "2"]

1. Nf3 Nf6 2. d4 d5 3. c4 e6 4. Nc3 Be7 5. Bg5 h6 6. Bh4 O-O 7. e3 b6 8. Rc1
Bb7 9. Bxf6 Bxf6 10. cxd5 exd5 11. Be2 1/2-1/2

[Event "Haringey Masters"]
[Site "Muswell Hill London"]
[Date "1988.??.??"]
[Round "?"]
[White "Martin, Andrew D"]
[Black "Davidovic, Aleksandar"]
[Result "1/2-1/2"]
[WhiteElo "2430"]
[BlackElo "2420"]
[PlyCount "51"]
[EventDate "1988.07.21"]
[EventType "schev"]
[EventRounds "9"]
[EventCountry "ENG"]
[SourceTitle "BritBase"]
[Source "John Saunders"]
[SourceDate "2020.09.07"]
[SourceVersion "1"]
[SourceVersionDate "2020.09.07"]
[SourceQuality "2"]

1. c4 e6 2. d4 d5 3. Nc3 Nf6 4. Bg5 Be7 5. e3 O-O 6. Rc1 Nbd7 7. Nf3 a6 8. Bd3
dxc4 9. Bxc4 b5 10. Bd3 c5 11. a4 bxa4 12. O-O cxd4 13. Nxd4 Bb7 14. Nxa4 Qa5
15. Bh4 Ne5 16. Bb1 Rac8 17. Nc3 Ng6 18. Bg3 Rfd8 19. Qe2 Nh5 20. Be4 Nxg3 21.
hxg3 Bxe4 22. Nxe4 Qb6 23. Rc2 Rxc2 24. Qxc2 Rb8 25. Nc6 Rc8 26. Nxe7+ 1/2-1/2

[Event "Haringey Masters"]
[Site "Muswell Hill London"]
[Date "1988.??.??"]
[Round "?"]
[White "Murey, Jacob"]
[Black "Pein, Malcolm"]
[Result "1/2-1/2"]
[WhiteElo "2545"]
[BlackElo "2410"]
[PlyCount "28"]
[EventDate "1988.07.21"]
[EventType "schev"]
[EventRounds "9"]
[EventCountry "ENG"]
[SourceTitle "BritBase"]
[Source "John Saunders"]
[SourceDate "2020.09.07"]
[SourceVersion "1"]
[SourceVersionDate "2020.09.07"]
[SourceQuality "2"]

1. d4 Nf6 2. c4 e6 3. Nc3 Bb4 4. Qc2 c5 5. dxc5 Nc6 6. a3 Bxc3+ 7. Qxc3 Ne4 8.
Qxg7 Qa5+ 9. b4 Nxb4 10. Qxh8+ Ke7 11. axb4 Qxb4+ 12. Kd1 Qb3+ 13. Ke1 Qb4+ 14.
Kd1 Qb3+ 1/2-1/2

[Event "Haringey Masters"]
[Site "Muswell Hill London"]
[Date "1988.??.??"]
[Round "?"]
[White "Murey, Jacob"]
[Black "Hodgson, Julian M"]
[Result "1-0"]
[WhiteElo "2545"]
[BlackElo "2525"]
[PlyCount "89"]
[EventDate "1988.07.21"]
[EventType "schev"]
[EventRounds "9"]
[EventCountry "ENG"]
[SourceTitle "BritBase"]
[Source "John Saunders"]
[SourceDate "2020.09.07"]
[SourceVersion "1"]
[SourceVersionDate "2020.09.07"]
[SourceQuality "2"]

1. d4 Nf6 2. c4 c5 3. d5 b5 4. cxb5 a6 5. bxa6 g6 6. Nc3 Bxa6 7. f4 Bg7 8. Nf3
Qa5 9. Bd2 Qb4 10. Qc2 O-O 11. Rd1 d6 12. e4 Bxf1 13. Rxf1 Na6 14. a3 Qb7 15.
Bc1 Nc7 16. Qe2 Rfb8 17. Kf2 Nb5 18. Kg1 Nd4 19. Nxd4 cxd4 20. Na2 Ra4 21. b4
Ne8 22. e5 Nc7 23. Rxd4 Nxd5 24. Rd3 e6 25. Nc3 Nxc3 26. Rxc3 Raa8 27. Bb2 dxe5
28. fxe5 Rd8 29. Rd3 Qb6+ 30. Qe3 Qxe3+ 31. Rxe3 Rd2 32. Rf2 Rd1+ 33. Rf1 Rd2
34. Rb1 Rc8 35. Rc3 Rcd8 36. Rf3 Bh6 37. Bc3 Rc2 38. b5 Bc1 39. Be1 Rc5 40. Kf1
Rd1 41. Ke2 Rd8 42. b6 Rxe5+ 43. Kf2 Rc5 44. b7 Rb8 45. Rc3 1-0

[Event "Haringey Masters"]
[Site "Muswell Hill London"]
[Date "1988.??.??"]
[Round "?"]
[White "Murey, Jacob"]
[Black "Gallagher, Joseph G"]
[Result "1-0"]
[WhiteElo "2545"]
[BlackElo "2445"]
[PlyCount "71"]
[EventDate "1988.07.21"]
[EventType "schev"]
[EventRounds "9"]
[EventCountry "ENG"]
[SourceTitle "BritBase"]
[Source "John Saunders"]
[SourceDate "2020.09.07"]
[SourceVersion "1"]
[SourceVersionDate "2020.09.07"]
[SourceQuality "2"]

1. d4 Nf6 2. c4 g6 3. Nc3 Bg7 4. e4 d6 5. f3 O-O 6. Be3 e5 7. Nge2 c6 8. Qd2
Nbd7 9. O-O-O Qa5 10. Kb1 b5 11. cxb5 cxb5 12. Nd5 Qxd2 13. Ne7+ Kh8 14. Rxd2
Bb7 15. Nc3 a6 16. Be2 b4 17. Na4 Rfe8 18. dxe5 Nxe4 19. exd6 Nxd2+ 20. Bxd2
Bc6 21. Bd1 Bb5 22. Bxb4 a5 23. Ba3 Be5 24. Bb3 Ra6 25. Rd1 Kg7 26. Nd5 Bxd6
27. Nac3 Bxa3 28. Nxb5 Re2 29. Nxa3 Ra7 30. Nb5 Rb7 31. Nd6 Rb8 32. Nf4 Re7 33.
Bxf7 Nc5 34. Bc4 Na4 35. Bb5 Nc5 36. a4 1-0

[Event "Haringey Masters"]
[Site "Muswell Hill London"]
[Date "1988.??.??"]
[Round "?"]
[White "Orr, Mark JL"]
[Black "Pein, Malcolm"]
[Result "1-0"]
[WhiteElo "2365"]
[BlackElo "2410"]
[PlyCount "66"]
[EventDate "1988.07.21"]
[EventType "schev"]
[EventRounds "9"]
[EventCountry "ENG"]
[SourceTitle "BritBase"]
[Source "John Saunders"]
[SourceDate "2020.09.07"]
[SourceVersion "1"]
[SourceVersionDate "2020.09.07"]
[SourceQuality "2"]

1. d4 g6 2. c4 Nf6 3. g3 Bg7 4. Bg2 O-O 5. Nf3 d6 6. O-O c6 7. Nc3 Nbd7 8. e4
e5 9. h3 Re8 10. Rb1 a5 11. Re1 exd4 12. Nxd4 a4 13. Nxa4 d5 14. cxd5 cxd5 15.
e5 Nxe5 16. Nc3 Ne4 17. Ndb5 Nxf2 18. Kxf2 Bf5 19. Bf1 Bxb1 20. Nxb1 d4 21. Nd2
Rxa2 22. Nc4 Ra1 23. Qd2 d3 24. Nxe5 Rxe5 25. Nc3 Qf6+ 26. Kg2 Qc6+ 27. Kh2 Bh6
28. Qxd3 Rxc1 29. Rxe5 Bg7 30. Qd8+ Bf8 31. Re8 Rxf1 32. Rxf8+ Kg7 33. Rg8+ Kh6
1-0

[Event "Haringey Masters"]
[Site "Muswell Hill London"]
[Date "1988.??.??"]
[Round "?"]
[White "Orr, Mark JL"]
[Black "Andruet, Gilles"]
[Result "1/2-1/2"]
[WhiteElo "2365"]
[BlackElo "2450"]
[PlyCount "48"]
[EventDate "1988.07.21"]
[EventType "schev"]
[EventRounds "9"]
[EventCountry "ENG"]
[SourceTitle "BritBase"]
[Source "John Saunders"]
[SourceDate "2020.09.07"]
[SourceVersion "1"]
[SourceVersionDate "2020.09.07"]
[SourceQuality "2"]

1. d4 Nf6 2. Nf3 e6 3. c4 c5 4. d5 b5 5. Bg5 Qa5+ 6. Qd2 Qxd2+ 7. Nfxd2 bxc4 8.
e4 exd5 9. Bxf6 dxe4 10. Bxc4 gxf6 11. Nxe4 f5 12. Ng3 Nc6 13. Nc3 Nd4 14.
O-O-O Bg7 15. Rhe1+ Kf8 16. Nh5 Rg8 17. Nxg7 Rxg7 18. Bd5 Rb8 19. Ne2 Nxe2+ 20.
Rxe2 Bb7 21. g3 f4 22. Bxb7 Rxb7 23. Rd5 fxg3 24. hxg3 Rg6 {Source: Starbase 4.
56} 1/2-1/2

[Event "Haringey Masters"]
[Site "Muswell Hill London"]
[Date "1988.??.??"]
[Round "?"]
[White "Orr, Mark JL"]
[Black "Kouatly, Bachar"]
[Result "0-1"]
[WhiteElo "2365"]
[BlackElo "2440"]
[PlyCount "92"]
[EventDate "1988.07.21"]
[EventType "schev"]
[EventRounds "9"]
[EventCountry "ENG"]
[SourceTitle "BritBase"]
[Source "John Saunders"]
[SourceDate "2020.09.07"]
[SourceVersion "1"]
[SourceVersionDate "2020.09.07"]
[SourceQuality "2"]

1. Nf3 Nf6 2. c4 c5 3. g3 Nc6 4. Bg2 d5 5. cxd5 Nxd5 6. d4 Nf6 7. e3 cxd4 8.
Nxd4 Nxd4 9. Qxd4 Qxd4 10. exd4 e6 11. Nc3 Bb4 12. O-O O-O 13. Bg5 h6 14. Bxf6
gxf6 15. Rac1 Rd8 16. Rfd1 Rb8 17. Ne4 Be7 18. d5 f5 19. d6 Bf8 20. d7 fxe4 21.
dxc8=Q Rbxc8 22. Bxe4 b6 23. g4 Rxc1 24. Rxc1 Rd4 25. f3 Bc5 26. Kf1 h5 27. h3
Rd2 28. Rc2 Rd1+ 29. Ke2 Rh1 30. Kd3 h4 31. Kc4 a5 32. a3 Rxh3 33. b4 axb4 34.
axb4 Bd6 35. f4 Bxf4 36. Kb5 Be3 37. Rc3 Rg3 38. Kc6 Kg7 39. Kd7 Bd2 40. Rxg3
hxg3 41. b5 Kf6 42. Bg2 Ke5 43. Ke7 f5 44. gxf5 exf5 45. Kf7 f4 46. Kg6 Kd4 0-1

[Event "Haringey Masters"]
[Site "Muswell Hill London"]
[Date "1988.??.??"]
[Round "?"]
[White "Pein, Malcolm"]
[Black "Lukacs, Peter"]
[Result "1/2-1/2"]
[WhiteElo "2410"]
[BlackElo "2490"]
[PlyCount "74"]
[EventDate "1988.07.21"]
[EventType "schev"]
[EventRounds "9"]
[EventCountry "ENG"]
[SourceTitle "BritBase"]
[Source "John Saunders"]
[SourceDate "2020.09.07"]
[SourceVersion "1"]
[SourceVersionDate "2020.09.07"]
[SourceQuality "2"]

1. e4 e5 2. Nf3 Nc6 3. Bb5 a6 4. Bxc6 dxc6 5. O-O Qd6 6. Na3 b5 7. c4 Bg4 8. b3
Qf6 9. Nc2 Bxf3 10. Qxf3 Qxf3 11. gxf3 O-O-O 12. Rd1 Ne7 13. Bb2 Ng6 14. d4 f6
15. Kf1 Be7 16. dxe5 fxe5 17. Ne3 Bf6 18. Ng2 Bg5 19. Ke2 Rdf8 20. a4 Bf6 21.
axb5 axb5 22. Ra5 bxc4 23. bxc4 Rd8 24. Ra8+ Kb7 25. Raxd8 Bxd8 26. f4 exf4 27.
Bxg7 Rg8 28. Bh6 f3+ 29. Kxf3 Ne5+ 30. Ke2 Rxg2 31. Bf4 Rg4 32. Bxe5 Rxe4+ 33.
Kf3 Rxe5 34. Rxd8 Kb6 35. Rd4 Rh5 36. Kg3 Rg5+ 37. Kf3 Rh5 1/2-1/2

[Event "Haringey Masters"]
[Site "Muswell Hill London"]
[Date "1988.??.??"]
[Round "?"]
[White "Pein, Malcolm"]
[Black "Ward, Christopher"]
[Result "1/2-1/2"]
[WhiteElo "2410"]
[BlackElo "2325"]
[PlyCount "91"]
[EventDate "1988.07.21"]
[EventType "schev"]
[EventRounds "9"]
[EventCountry "ENG"]
[SourceTitle "BritBase"]
[Source "John Saunders"]
[SourceDate "2020.09.07"]
[SourceVersion "1"]
[SourceVersionDate "2020.09.07"]
[SourceQuality "2"]

1. d4 Nf6 2. c4 e6 3. Nc3 Bb4 4. e3 b6 5. Nge2 Ne4 6. Bd2 Nxd2 7. Qxd2 Bb7 8.
a3 Bxc3 9. Nxc3 O-O 10. d5 d6 11. Be2 Nd7 12. O-O Qe7 13. f4 Rae8 14. Rae1 e5
15. f5 f6 16. Nb5 Nc5 17. Nxa7 g5 18. b4 Ra8 19. Nc6 Bxc6 20. dxc6 Na4 21. Bd1
Kg7 22. Bb3 Ra7 23. e4 Qe8 24. Qd5 Nc3 25. Qd3 Na4 26. c5 Qxc6 27. Bd5 Qd7 28.
cxd6 Qxd6 29. Rc1 c5 30. Qb3 b5 31. bxc5 Nxc5 32. Qe3 Rc7 33. Rfd1 Qe7 34. h3
Rfc8 35. Qe2 Na4 36. Rxc7 Rxc7 37. Rd3 Rc3 38. Rxc3 Nxc3 39. Qd2 Qc5+ 40. Kh2
Qxa3 41. Be6 Nxe4 42. Qd7+ Kh6 43. Bg8 Qg3+ 44. Kg1 Qf2+ 45. Kh2 Qf4+ 46. Kg1
1/2-1/2

[Event "Haringey Masters"]
[Site "Muswell Hill London"]
[Date "1988.??.??"]
[Round "?"]
[White "Pein, Malcolm"]
[Black "Jonsson, Bjorgvin"]
[Result "1/2-1/2"]
[WhiteElo "2410"]
[BlackElo "2375"]
[PlyCount "82"]
[EventDate "1988.07.21"]
[EventType "schev"]
[EventRounds "9"]
[EventCountry "ENG"]
[SourceTitle "BritBase"]
[Source "John Saunders"]
[SourceDate "2020.09.07"]
[SourceVersion "1"]
[SourceVersionDate "2020.09.07"]
[SourceQuality "2"]

1. d4 Nf6 2. c4 g6 3. Nc3 Bg7 4. e4 d6 5. Be2 O-O 6. Bg5 c5 7. d5 h6 8. Bf4 e5
9. dxe6 Bxe6 10. Qd2 Kh7 11. Nf3 Nc6 12. Bxd6 Re8 13. Bxc5 Qa5 14. Bd6 Bxc4 15.
e5 Bxe2 16. Qxe2 Ng4 17. O-O Ngxe5 18. Nxe5 Nxe5 19. Rad1 Rac8 20. Rd5 Qa6 21.
Qxa6 bxa6 22. Bxe5 Bxe5 23. Rd7 Rc7 24. Rxc7 Bxc7 25. Rd1 Be5 26. Kf1 Rc8 27.
Rd7 Bxc3 28. bxc3 Rxc3 29. Rxf7+ Kg8 30. Rf6 Ra3 31. Rxg6+ Kh7 32. Rc6 Rxa2 33.
g4 a5 34. Kg2 a4 35. h4 a3 36. Ra6 Ra1 37. h5 Kg7 38. Rg6+ Kh7 39. Ra6 Kg7 40.
Rg6+ Kh7 41. Ra6 Kg7 1/2-1/2

[Event "Haringey Masters"]
[Site "Muswell Hill London"]
[Date "1988.??.??"]
[Round "?"]
[White "Ward, Christopher"]
[Black "Martin, Andrew D"]
[Result "1/2-1/2"]
[WhiteElo "2325"]
[BlackElo "2430"]
[PlyCount "28"]
[EventDate "1988.07.21"]
[EventType "schev"]
[EventRounds "9"]
[EventCountry "ENG"]
[SourceTitle "BritBase"]
[Source "John Saunders"]
[SourceDate "2020.09.07"]
[SourceVersion "1"]
[SourceVersionDate "2020.09.07"]
[SourceQuality "2"]

1. c4 g6 2. Nc3 Bg7 3. d4 d6 4. e4 Nf6 5. f3 O-O 6. Be3 a6 7. Qd2 Nbd7 8. O-O-O
c6 9. h4 e5 10. dxe5 dxe5 11. h5 Nxh5 12. Nge2 Qe7 13. g4 Nf4 14. Nxf4 exf4
1/2-1/2

[Event "Haringey Masters"]
[Site "Muswell Hill London"]
[Date "1988.??.??"]
[Round "?"]
[White "Ward, Christopher"]
[Black "Andruet, Gilles"]
[Result "0-1"]
[WhiteElo "2325"]
[BlackElo "2450"]
[PlyCount "70"]
[EventDate "1988.07.21"]
[EventType "schev"]
[EventRounds "9"]
[EventCountry "ENG"]
[SourceTitle "BritBase"]
[Source "John Saunders"]
[SourceDate "2020.09.07"]
[SourceVersion "1"]
[SourceVersionDate "2020.09.07"]
[SourceQuality "2"]

1. d4 Nf6 2. c4 c5 3. d5 b5 4. a4 b4 5. g3 e5 6. Bg2 d6 7. e4 g6 8. Ne2 h5 9.
Bg5 Be7 10. Qd3 Ng4 11. Bxe7 Qxe7 12. f3 Nh6 13. Nd2 f5 14. h4 Nd7 15. Bh3 Nf6
16. O-O-O Bd7 17. b3 O-O-O 18. Ng1 Rdf8 19. Rf1 Rf7 20. Rh2 Rhf8 21. Qe3 Nhg8
22. Qg5 fxe4 23. fxe4 Bxh3 24. Nxh3 Ng4 25. Rxf7 Qxf7 26. Rh1 N8f6 27. Rf1 Qg7
28. Kd1 Rf7 29. Rxf6 Rxf6 30. Ke2 Qf7 31. Ke1 Rf2 32. Ng1 Kd7 33. a5 a6 34. Nh3
Rh2 35. Nf1 Rxh3 0-1